|
|
|
|
| LEADER |
00000nam0a2200000 4500 |
| 001 |
29500 |
| 005 |
20231030203504.0 |
| 010 |
|
|
|a 9660301685
|
| 035 |
|
|
|a (RuTPU)RU\TPU\book\29765
|
| 035 |
|
|
|a BOOK00029840
|
| 090 |
|
|
|a 29500
|
| 100 |
|
|
|a 20011209d1997 m y0rusy50 ca
|
| 101 |
1 |
|
|a rus
|c swe
|
| 102 |
|
|
|a UA
|
| 105 |
|
|
|a y z 000ay
|
| 200 |
1 |
|
|a Повести и романы (1940-1967)
|
| 210 |
|
|
|a Харьков
|c Фолио
|d 1997
|
| 215 |
|
|
|a 541 с.
|
| 225 |
1 |
|
|a Вершины
|
| 461 |
|
|
|t Сочинения
|o В 2-х т.; Пер. со швед.
|v Т. 2
|f П. Ф. Лагерквист
|
| 610 |
1 |
|
|a повести
|
| 610 |
1 |
|
|a романы
|
| 610 |
1 |
|
|a 20 век
|
| 675 |
|
|
|a 839.7
|v 3
|
| 700 |
|
1 |
|a Лагерквист
|b П. Ф.
|g Пер Фабиан
|
| 801 |
|
0 |
|a RU
|b 63413507
|c 20011209
|g PSBO
|
| 801 |
|
2 |
|a RU
|b 63413507
|c 20050609
|g PSBO
|
| 942 |
|
|
|c BK
|